El príncipe /

Guardado en:
Autor Principal: Maquiavelo, Nicolás.
Formato: Libro
Publicado: Buenos Aires : Planeta (especial para La Nación), 2001.
Series:Biblioteca La Nación
Materias:
Etiquetas: Agregar Etiqueta
Sin Etiquetas, Sea el primero en etiquetar este registro!
LEADER 00581nam a22001695a 4500
001 EHU.bham027862
008 130507s2001##################000#0#####d
005 20240906095306.0
245 1 0 |a El príncipe /  |c Nicolás Maquiavelo ; introd., trad. y notas de F. J. Alcántara. 
260 |a Buenos Aires :  |b Planeta (especial para La Nación),  |c 2001. 
300 |a 123 p. 
490 0 |a Biblioteca La Nación 
100 1 |a Maquiavelo, Nicolás. 
082 3 2 |a 320.1 
653 |a Literatura italiana 
653 |a Política italiana 
859 |a AR-BHAM  |b BIB. HUMANIDADES - General  |h 320.1  |i M119-3  |p 115.05  |t Ej.1